Loading...

The hindu woman /

Bibliographic Details
Main Author: Cormack, margaret
Format: Printed Book
Published: Bombay : Asia publishing house, 1961.
Subjects:
LEADER 00447nam a22001337a 4500
082 |a 396  |b COR.H 
100 |a Cormack, margaret. 
245 |a The hindu woman /  |c by Margaret cormack. 
260 |a Bombay :  |b Asia publishing house,  |c 1961. 
300 |a 199 p. 
650 |a Hindu women 
942 |c BK 
999 |c 300591  |d 300591 
952 |0 0  |1 0  |4 0  |6 396_000000000000000_COR_H  |7 0  |8 NFIC  |9 320946  |a POL  |b POL  |c GEN  |d 2020-09-30  |l 0  |o 396 COR.H  |p POL5325  |r 2020-09-30  |w 2020-09-30  |y BK